000 00298nam a22001097a 4500
082 _a621.48 MOD'M
100 _aBIEHL, ARTHUR T,MILLS, MARH M
_958672
245 _aMODERN NUCLEAR TECHNOLOGY A SUVEY FOR INDUSTRY AND BUSINESS
260 _aNEWYORK
_bMCGRAW HILL
_c1960
300 _a336P
942 _cBK
999 _c568816
_d568816